Meteorología aplicada a la aviación / (Record no. 90223)

MARC details
000 -LEADER
campo de control de longitud fija 00533nam a2200169 i 4500
001 - NÚMERO DE CONTROL
campo de control 90223
003 - IDENTIFICADOR DE NÚMERO DE CONTROL
campo de control ES-MaACL
005 - FECHA Y HORA DE LA ÚLTIMA TRANSACCIÓN
campo de control 20230906180402.0
008 - DATOS DE LONGITUD FIJA--INFORMACIÓN GENERAL
campo de control de longitud fija 050119s1968 sp a |||| | spa d
100 1# - ENTRADA PRINCIPAL--NOMBRE DE PERSONA
Nombre de persona Ledesma, Manuel.
9 (RLIN) 71146
245 10 - MENCIÓN DEL TÍTULO
Título Meteorología aplicada a la aviación /
Mención de responsabilidad, etc. Manuel Ledesma, Gabriel Baleriola.
260 ## - PUBLICACIÓN, DISTRIBUCIÓN, ETC.
Lugar de publicación, distribución, etc. Madrid :
Nombre del editor, distribuidor, etc. [s.n.,
Fecha de publicación, distribución, etc. 1968] (
Fabricante Tip. Af)
300 ## - DESCRIPCIÓN FÍSICA
Extensión 492 p. :
Otras características físicas il. ;
Dimensiones 24 cm.
650 #4 - PUNTO DE ACCESO ADICIONAL DE MATERIA--TÉRMINO DE MATERIA
Término de materia o nombre geográfico como elemento de entrada Meteorología aeronáutica.
9 (RLIN) 148670
700 1# - ENTRADA AGREGADA--NOMBRE PERSONAL
Nombre de persona Baleriola, Gabriel.
9 (RLIN) 24920
852 ## - LOCALIZACIÓN
Ubicación ES-MaACL
Número de control de estantería G-4048
Holdings
Estatus retirado Estado de pérdida Estado de daño No para préstamo Biblioteca de origen Biblioteca actual Ubicación en estantería Fecha de adquisición Fuente de adquisición Total de préstamos Signatura topográfica completa Código de barras Visto por última vez Precio de reemplazo Tipo de ítem Koha
        Biblioteca del Ateneo de Madrid Biblioteca del Ateneo de Madrid Depósito 2 17/01/2008     G-4048 1094216 23/02/2023 23/02/2023 Libro impreso